000 01121nam a2200301 a 4500
001 000035934
005 20250717131055.0
008 111117s2011 dr a 000 0 spa d
020 _a9789945872330
040 _aDO-SdBNP
_bspa
_cBNPHU
082 _a268.1
_bM671p, 2011
100 1 _aMirabal Rosario,Yoselman Rodwin,
_d1969-
_940026
245 1 0 _aPerfil de un maestro :
_buna perspectiva teológica y pedagógica /
_cYoselman Mirabal ; prólogo Salustiano Bolivar Mojica R.
250 _a[2ª ed.]
260 _aSanto Domingo :
_bProducciones Mirabal,
_c2011.
300 _a269 p. :
_bil. ;
_c22 cm.
500 _aIncluye datos biográficos del autor en la solapa de la cubierta.
504 _aBibliografía: p.259.
590 _aInventariado, 2018/ YL
650 4 _aEducación cristiana
_911641
650 0 _aEducación religiosa
_9682
650 4 _aTeología
_xEnseñanza
_945571
650 4 _aEvangelización
_9476
650 4 _aFormación profesional de maestros
_917397
650 0 _aPedagogía
_9693
700 1 _aMojica R, Salustiano Bolívar,
_dpról.
_961958
910 _aValidado. Control de calidad EMS
999 _c35425
_d35425